Siirry sisältöön

Методические рекомендации по выполнению курсовой работы по дисциплине «Основы построения инфокоммуникационных систем и сетей» учебно-методическое пособие

Учебно-методическое пособие «Методические рекомендации по выполнению курсовой работы по дисциплине «Основы построения инфокоммуникационных систем и сетей», содержит задание на курсовую работу и методические указания по ее выполнению. Разработано в соответствии с ФГОС ВО по направлению подготовки 11....

Täydet tiedot

Tallennettuna:
Bibliografiset tiedot
Päätekijä: Марыкова Л. А.
Aineistotyyppi: Книга
Kieli:Russian
Julkaistu: Самара ПГУТИ 2024
Linkit:https://e.lanbook.com/book/463577
https://e.lanbook.com/img/cover/book/463577.jpg
Tagit: Lisää tagi
Ei tageja, Lisää ensimmäinen tagi!
LEADER 02194nam0a2200253 i 4500
001 463577
003 RuSpLAN
005 20250320125843.0
008 250320s2024 ru gs 000 0 rus
040 |a RuSpLAN 
041 0 |a rus 
044 |a ru 
080 |a 621.391+ 621.37 
245 0 0 |a Методические рекомендации по выполнению курсовой работы по дисциплине «Основы построения инфокоммуникационных систем и сетей»  |b учебно-методическое пособие  |c Марыкова Л. А. 
260 |a Самара  |b ПГУТИ  |c 2024 
300 |a 49 с. 
504 |a Библиогр.: доступна в карточке книги, на сайте ЭБС Лань 
520 8 |a Учебно-методическое пособие «Методические рекомендации по выполнению курсовой работы по дисциплине «Основы построения инфокоммуникационных систем и сетей», содержит задание на курсовую работу и методические указания по ее выполнению. Разработано в соответствии с ФГОС ВО по направлению подготовки 11.03.02 «Инфокоммуникационные технологии и системы связи», предназначено для студентов (бакалавриат) очной, заочной и дистанционной форм обучения для подготовки к самостоятельной работе и сдаче экзамена по дисциплине «Основы построения инфокоммуникационных систем и сетей». 
521 8 |a Книга из коллекции ПГУТИ - Инженерно-технические науки 
521 8 |a СЭБ 
100 1 |a Марыкова Л. А. 
856 4 |u https://e.lanbook.com/book/463577 
856 4 8 |u https://e.lanbook.com/img/cover/book/463577.jpg 
953 |a https://e.lanbook.com/img/cover/book/463577.jpg